Système cellulaire (Record no. 153579)

MARC details
000 -LEADER
campo de control de longitud fija 00631nam a2200157 i 4500
001 - NÚMERO DE CONTROL
campo de control 153579
003 - IDENTIFICADOR DE NÚMERO DE CONTROL
campo de control ES-MaACL
005 - FECHA Y HORA DE LA ÚLTIMA TRANSACCIÓN
campo de control 20230906205307.0
008 - DATOS DE LONGITUD FIJA--INFORMACIÓN GENERAL
campo de control de longitud fija 050708s1865 be |||| | fre d
100 1# - ENTRADA PRINCIPAL--NOMBRE DE PERSONA
Nombre de persona Ducpetiaux, Edouard.
9 (RLIN) 45849
245 10 - MENCIÓN DEL TÍTULO
Título Système cellulaire
Resto del título : réforme des prisons /
Mención de responsabilidad, etc. par Ed. Ducpetiaux.
260 ## - PUBLICACIÓN, DISTRIBUCIÓN, ETC.
Lugar de publicación, distribución, etc. Bruxelles :
Nombre del editor, distribuidor, etc. Victor Devaux et cie., 1865 (
Fabricante Imp. J. Dauby)
300 ## - DESCRIPCIÓN FÍSICA
Extensión 28 p. ;
Dimensiones 23 cm.
650 #4 - PUNTO DE ACCESO ADICIONAL DE MATERIA--TÉRMINO DE MATERIA
Término de materia o nombre geográfico como elemento de entrada Establecimientos penitenciarios-
Subdivisión geográfica Bélgica.
9 (RLIN) 143325
852 ## - LOCALIZACIÓN
Ubicación ES-MaACL
Número de control de estantería D-165(9)
Nota libre - Enc. hol.
-- . - Donativo Lastres
-- - Encuadernado en vol. facticio, en el lomo: Estudios penitenciarios, 5
Holdings
Estatus retirado Estado de pérdida Estado de daño No para préstamo Biblioteca de origen Biblioteca actual Ubicación en estantería Fecha de adquisición Total de préstamos Signatura topográfica completa Código de barras Visto por última vez Precio de reemplazo Tipo de ítem Koha
        Biblioteca del Ateneo de Madrid Biblioteca del Ateneo de Madrid Sala Valle Inclán 17/01/2008   D-165(9) 901160547 23/02/2023 23/02/2023 Libro impreso